[Event "Keres mem (29th)"]
[Site "Vancouver CAN"]
[Date "2004.05.22"]
[Round "3.1"]
[White "Gansvind, Valeriya"]
[Black "Orlov, Georgi"]
[Result "0-1"]
[WhiteElo "2311"]
[BlackElo "2605"]
[PlyCount "111"]
[GameId "2160767911145782"]
[EventDate "2004.05.21"]
[EventType "swiss"]
[EventRounds "7"]
[EventCountry "CAN"]
[SourceTitle "LesEchecs.com"]
[Source "LesEchecs.com"]
[SourceDate "2003.03.18"]
[SourceVersion "1"]
[SourceVersionDate "2003.01.01"]
[SourceQuality "1"]

1. d4 Nf6 2. Bg5 Ne4 3. Bf4 c5 4. f3 Qa5+ 5. c3 Nf6 6. Nd2 cxd4 7. Nb3 Qf5 8. Bxb8 Rxb8 9. Qxd4 b6 10. e4 Qf4 11. Nh3 Qc7 12. e5 Ng8 13. O-O-O e6 14. f4 Ne7 15. Kb1 Nf5 16. Qd2 Bb7 17. Bb5 Rd8 18. Rhe1 Be7 19. Nd4 Nxd4 20. cxd4 O-O 21. Qe2 d6 22. Rc1 Qb8 23. Ng1 dxe5 24. dxe5 Rd4 25. g3 Be4+ 26. Ka1 Qb7 27. Red1 Rfd8 28. Rxd4 Rxd4 29. a3 Bc5 30. Qe1 a6 31. Ne2 Rd8 32. Nc3 Bg6 33. Be2 Bd4 34. h4 b5 35. h5 Bf5 36. g4 Be4 37. Bd1 Bc6 38. Na2 Qb6 39. Bb3 Bf3 40. Qg3 Be4 41. Qh2 Be3 42. Rd1 Rxd1+ 43. Bxd1 Qd4 44. Nc3 Bb7 45. f5 Bf4 46. Qh4 Kf8 47. fxe6 Bxe5 48. Bb3 Qd2 49. g5 Bxc3 50. bxc3 Qxc3+ 51. Ka2 Qd2+ 52. Ka1 fxe6 53. h6 g6 54. Qg3 Qd4+ 55. Ka2 e5 56. Qe1 0-1

[Event "Keres mem (29th)"]
[Site "Vancouver CAN"]
[Date "2004.05.22"]
[Round "3.2"]
[White "North, Robert"]
[Black "Yoos, John"]
[Result "0-1"]
[WhiteElo "2081"]
[BlackElo "2442"]
[PlyCount "66"]
[GameId "2160767911145783"]
[EventDate "2004.05.21"]
[EventType "swiss"]
[EventRounds "7"]
[EventCountry "CAN"]
[SourceTitle "LesEchecs.com"]
[Source "LesEchecs.com"]
[SourceDate "2003.03.18"]
[SourceVersion "1"]
[SourceVersionDate "2003.01.01"]
[SourceQuality "1"]

1. c4 e5 2. g3 Nf6 3. Bg2 d5 4. cxd5 Nxd5 5. Nc3 Nb6 6. Nf3 Nc6 7. a3 Be7 8. d3 O-O 9. O-O Re8 10. b4 Bf8 11. Bb2 Bg4 12. h3 Bh5 13. Re1 f6 14. Rc1 Bf7 15. Nd2 Qb8 16. Nce4 a5 17. b5 Na7 18. a4 c6 19. bxc6 Nxc6 20. Nc5 Rc8 21. Ndb3 Qa7 22. e3 Nd5 23. d4 exd4 24. exd4 Re8 25. Nd3 Ncb4 26. Rxe8 Rxe8 27. Nbc5 b6 28. Ne4 Qd7 29. Nxb4 Bxb4 30. Kh2 h6 31. Nc3 Qf5 32. Qc2 Qxc2 33. Rxc2 Nxc3 0-1

[Event "Keres mem (29th)"]
[Site "Vancouver CAN"]
[Date "2004.05.22"]
[Round "3.3"]
[White "Arapovic, Vitomir"]
[Black "Oszvald, Joseph"]
[Result "1/2-1/2"]
[WhiteElo "2322"]
[BlackElo "2113"]
[PlyCount "83"]
[GameId "2160767911145784"]
[EventDate "2004.05.21"]
[EventType "swiss"]
[EventRounds "7"]
[EventCountry "CAN"]
[SourceTitle "LesEchecs.com"]
[Source "LesEchecs.com"]
[SourceDate "2003.03.18"]
[SourceVersion "1"]
[SourceVersionDate "2003.01.01"]
[SourceQuality "1"]

1. e4 c5 2. Nf3 d6 3. c3 Nf6 4. h3 Nbd7 5. Bd3 g6 6. Bc2 Bg7 7. O-O O-O 8. d4 b6 9. e5 Ne8 10. Bf4 Bb7 11. exd6 exd6 12. Nbd2 Rc8 13. Re1 d5 14. Nf1 Ndf6 15. Be5 Nd6 16. Ne3 Nde4 17. Nh2 Re8 18. Rc1 c4 19. f3 Ng5 20. Qd2 Ne6 21. Neg4 Nxg4 22. Nxg4 f6 23. Bg3 Qd7 24. h4 Qf7 25. Nh6+ Bxh6 26. Qxh6 Bc6 27. Bh2 Ng7 28. g4 Rxe1+ 29. Rxe1 Re8 30. Rxe8+ Bxe8 31. h5 Ne6 32. hxg6 hxg6 33. Qe3 b5 34. f4 Ng7 35. Kf2 Bd7 36. Bd1 f5 37. g5 Qe6 38. Qe5 Qxe5 39. dxe5 Ne6 40. Kg3 a5 41. Bg1 a4 42. a3 1/2-1/2

[Event "Keres mem (29th)"]
[Site "Vancouver CAN"]
[Date "2004.05.22"]
[Round "3.4"]
[White "Harper, Bruce"]
[Black "Fullbrook, Nigel"]
[Result "1-0"]
[WhiteElo "2337"]
[BlackElo "2157"]
[PlyCount "139"]
[GameId "2160767911145785"]
[EventDate "2004.05.21"]
[EventType "swiss"]
[EventRounds "7"]
[EventCountry "CAN"]
[SourceTitle "LesEchecs.com"]
[Source "LesEchecs.com"]
[SourceDate "2003.03.18"]
[SourceVersion "1"]
[SourceVersionDate "2003.01.01"]
[SourceQuality "1"]

1. d4 d5 2. Nf3 Nf6 3. c4 dxc4 4. e3 c5 5. Bxc4 e6 6. O-O Nc6 7. Nc3 cxd4 8. exd4 Be7 9. a3 O-O 10. Re1 a6 11. Bg5 b5 12. Bb3 Na5 13. Ba2 Bb7 14. Ne5 Nc4 15. Nxc4 bxc4 16. Bxc4 h6 17. Be3 Qc7 18. Be2 Rfd8 19. Rc1 Qd7 20. Na4 Nd5 21. Nc5 Bxc5 22. Rxc5 Ra7 23. Qd2 Rda8 24. b4 Bc6 25. Rec1 Bb5 26. Bf3 Kf8 27. Qc2 Kg8 28. Rc8+ Rxc8 29. Qxc8+ Kh7 30. Qxd7 Rxd7 31. Rc5 Nb6 32. h4 Nd5 33. h5 g6 34. hxg6+ fxg6 35. Be4 Kg7 36. g3 g5 37. Kg2 Kf6 38. Bf3 Rc7 39. Rxc7 Nxc7 40. Be4 Nd5 41. Bd2 h5 42. f3 g4 43. Kf2 Bc6 44. fxg4 hxg4 45. Bd3 Bb5 46. Bc2 e5 47. Bb3 Bc6 48. Bc4 Bb7 49. dxe5+ Kxe5 50. Be2 Bc8 51. Bh6 Ke4 52. Bf1 Nb6 53. Bd2 Nd5 54. b5 axb5 55. Bxb5 Kd4 56. a4 Nc7 57. Be2 Na6 58. a5 Nc7 59. Be3+ Ke4 60. Bh6 Na6 61. Bf1 Nb4 62. Bg2+ Kd3 63. Bf8 Na6 64. Bd6 Kd2 65. Be4 Kc3 66. Ke3 Kc4 67. Bd3+ Kd5 68. Bf8 Nc7 69. Ba3 Ne6 70. Bf5 1-0

[Event "Keres mem (29th)"]
[Site "Vancouver CAN"]
[Date "2004.05.22"]
[Round "3.5"]
[White "Kyriakides, Savvas"]
[Black "Ferguson, Jim"]
[Result "1/2-1/2"]
[WhiteElo "1797"]
[BlackElo "2111"]
[PlyCount "27"]
[GameId "2160767911145786"]
[EventDate "2004.05.21"]
[EventType "swiss"]
[EventRounds "7"]
[EventCountry "CAN"]
[SourceTitle "LesEchecs.com"]
[Source "LesEchecs.com"]
[SourceDate "2003.03.18"]
[SourceVersion "1"]
[SourceVersionDate "2003.01.01"]
[SourceQuality "1"]

1. e4 e6 2. d4 d5 3. exd5 exd5 4. Bf4 Bd6 5. Bxd6 Qxd6 6. c3 Ne7 7. Bd3 Bf5 8. Bxf5 Nxf5 9. Nf3 O-O 10. O-O Nc6 11. Nbd2 Rae8 12. Re1 Rxe1+ 13. Qxe1 Qe7 14. Qxe7 1/2-1/2

[Event "Keres mem (29th)"]
[Site "Vancouver CAN"]
[Date "2004.05.22"]
[Round "3.7"]
[White "Meng, Fanhao"]
[Black "Yousefzadeh, Mehrdad"]
[Result "1/2-1/2"]
[WhiteElo "2300"]
[BlackElo "1987"]
[PlyCount "61"]
[GameId "2160767911145787"]
[EventDate "2004.05.21"]
[EventType "swiss"]
[EventRounds "7"]
[EventCountry "CAN"]
[SourceTitle "LesEchecs.com"]
[Source "LesEchecs.com"]
[SourceDate "2003.03.18"]
[SourceVersion "1"]
[SourceVersionDate "2003.01.01"]
[SourceQuality "1"]

1. e4 Nf6 2. e5 Nd5 3. d4 d6 4. c4 Nb6 5. exd6 exd6 6. h3 Be7 7. Nf3 Bf5 8. b3 O-O 9. Bd3 Bxd3 10. Qxd3 d5 11. O-O Re8 12. Nc3 c6 13. Bf4 Bf6 14. c5 N6d7 15. b4 Nf8 16. b5 Ne6 17. Bg3 Qa5 18. Rfc1 Nd7 19. Rab1 Ng5 20. Nd2 Ne6 21. Nf3 Ng5 22. Nxg5 Bxg5 23. Re1 Bf6 24. Bd6 Nf8 25. Re3 Rxe3 26. fxe3 Ne6 27. Rb2 Re8 28. Nd1 Ng5 29. bxc6 bxc6 30. Qc3 Qa6 31. Nf2 1/2-1/2

[Event "Keres mem (29th)"]
[Site "Vancouver CAN"]
[Date "2004.05.22"]
[Round "3.8"]
[White "Milicevic, Dragoljub"]
[Black "Chan, James"]
[Result "1-0"]
[WhiteElo "2209"]
[BlackElo "1952"]
[PlyCount "201"]
[GameId "2160767911145788"]
[EventDate "2004.05.21"]
[EventType "swiss"]
[EventRounds "7"]
[EventCountry "CAN"]
[SourceTitle "LesEchecs.com"]
[Source "LesEchecs.com"]
[SourceDate "2003.03.18"]
[SourceVersion "1"]
[SourceVersionDate "2003.01.01"]
[SourceQuality "1"]

1. g3 f5 2. d4 g6 3. Bg2 Bg7 4. c4 Nf6 5. Nc3 d6 6. Nf3 O-O 7. O-O Qe8 8. Re1 Qf7 9. b3 Ne4 10. Qc2 Nxc3 11. Qxc3 Nc6 12. e3 e5 13. Rb1 Qf6 14. d5 Ne7 15. h4 h6 16. Nd2 g5 17. hxg5 Qxg5 18. Nf3 Qh5 19. Bb2 Rf7 20. Qd2 b6 21. Nxe5 Rf8 22. Nd3 Ng6 23. f4 Ne7 24. Bxg7 Kxg7 25. Qc3+ Kh7 26. Kf2 Ng8 27. Rh1 Qg6 28. Bf3 Nf6 29. Rbg1 Bd7 30. Ne1 Rae8 31. Rh2 Qg7 32. Qd4 Re4 33. Bxe4 Ng4+ 34. Kg2 fxe4 35. Qxg7+ Kxg7 36. Nc2 Nxh2 37. Kxh2 Bg4 38. Kg2 Kf6 39. Nd4 h5 40. Kf2 Rh8 41. a4 a5 42. Rb1 Bd7 43. Rh1 Bg4 44. Rh4 Bd1 45. Ke1 Bg4 46. Ne2 Rg8 47. Nd4 Rh8 48. Ne2 Rg8 49. Ng1 Kf5 50. Rh2 Kf6 51. Nh3 Kf5 52. Ng5 Re8 53. Ne6 Re7 54. Ng5 Kf6 55. Nh3 Rg7 56. Ng5 Re7 57. Kd2 Kf5 58. Kc3 Bd1 59. Rh1 Be2 60. Rh4 Bg4 61. Kd4 Bd1 62. Rh1 Bg4 63. Rh4 Bd1 64. Nh3 Rg7 65. Nf2 Bf3 66. Rh3 Re7 67. Kc3 Rg7 68. Kd2 Rg8 69. Ke1 Bg4 70. Rh1 Bf3 71. Rg1 Rg7 72. Nh3 Bg4 73. Ng5 Re7 74. Rh1 Kf6 75. Kf2 Kf5 76. Rb1 Rg7 77. Rh1 Rg8 78. Rh4 Re8 79. Kg2 Rh8 80. Kh2 Bd1 81. Nh3 Be2 82. Nf2 Rg8 83. g4+ hxg4 84. Rh5+ Kf6 85. Nxe4+ Ke7 86. Kg3 Kd8 87. Nf2 Rg7 88. e4 Bf3 89. e5 dxe5 90. fxe5 Ke7 91. Rh6 Kd7 92. Rf6 Ke7 93. d6+ cxd6 94. Rxd6 Rg5 95. Rxb6 Rxe5 96. Nxg4 Bxg4 97. Kxg4 Re3 98. Kf4 Re2 99. Rb5 Rb2 100. Ke4 Kd6 101. Kd4 1-0

[Event "Keres mem (29th)"]
[Site "Vancouver CAN"]
[Date "2004.05.22"]
[Round "3.9"]
[White "Davies, Lucas"]
[Black "Escandor, Manuel Omana"]
[Result "1-0"]
[WhiteElo "2115"]
[BlackElo "1686"]
[PlyCount "99"]
[GameId "2160767911145789"]
[EventDate "2004.05.21"]
[EventType "swiss"]
[EventRounds "7"]
[EventCountry "CAN"]
[SourceTitle "LesEchecs.com"]
[Source "LesEchecs.com"]
[SourceDate "2003.03.18"]
[SourceVersion "1"]
[SourceVersionDate "2003.01.01"]
[SourceQuality "1"]

1. e4 e5 2. Nf3 d6 3. d4 exd4 4. Nxd4 Nf6 5. Nc3 Be7 6. Bc4 Bd7 7. f3 a6 8. a4 Nc6 9. Nxc6 Bxc6 10. Be3 O-O 11. Qd2 Nd7 12. O-O Ne5 13. Be2 Qd7 14. Rad1 Rae8 15. b3 f5 16. Bd4 Bf6 17. f4 Ng4 18. Bxf6 Nxf6 19. exf5 Qxf5 20. Bf3 Ne4 21. Nxe4 Bxe4 22. Bxe4 Rxe4 23. g3 Rfe8 24. Qd5+ Qxd5 25. Rxd5 Re2 26. Rf2 Re1+ 27. Kg2 R8e3 28. Rdd2 Kf7 29. Kh3 h6 30. Kh4 Kf6 31. Kg4 g6 32. Rg2 Re4 33. Rdf2 d5 34. Rf3 a5 35. Rgf2 c5 36. Rd3 d4 37. Rfd2 R1e2 38. Rxe2 Rxe2 39. c3 h5+ 40. Kf3 Rxh2 41. cxd4 cxd4 42. Rxd4 Ke6 43. Re4+ Kf6 44. Re5 Rc2 45. Rb5 Rc7 46. Kg2 Kg7 47. Rd5 Kf6 48. Rb5 Rh7 49. Kf3 h4 50. Rb6+ 1-0

[Event "Keres mem (29th)"]
[Site "Vancouver CAN"]
[Date "2004.05.22"]
[Round "3.10"]
[White "Sladek, Vaclav"]
[Black "Collins, Casey"]
[Result "1/2-1/2"]
[WhiteElo "2000"]
[BlackElo "1685"]
[PlyCount "71"]
[GameId "2160767911145790"]
[EventDate "2004.05.21"]
[EventType "swiss"]
[EventRounds "7"]
[EventCountry "CAN"]
[SourceTitle "LesEchecs.com"]
[Source "LesEchecs.com"]
[SourceDate "2003.03.18"]
[SourceVersion "1"]
[SourceVersionDate "2003.01.01"]
[SourceQuality "1"]

1. d4 Nf6 2. Bg5 e6 3. e4 h6 4. Bxf6 Qxf6 5. c3 c5 6. Nf3 cxd4 7. cxd4 Bb4+ 8. Nc3 O-O 9. Bd3 d6 10. Rc1 e5 11. O-O Bxc3 12. bxc3 Bg4 13. Be2 Qf4 14. Nd2 Bxe2 15. Qxe2 Nc6 16. g3 Qg5 17. d5 Ne7 18. Nc4 Qg6 19. f4 exf4 20. Rxf4 f5 21. exf5 Rxf5 22. Rxf5 Nxf5 23. Re1 Nxg3 24. Qe6+ Qxe6 25. Rxe6 Nf5 26. Nxd6 Nxd6 27. Rxd6 Rc8 28. Rd7 Rxc3 29. Rxb7 Rc1+ 30. Kf2 Rc2+ 31. Kg3 Rxa2 32. d6 Rd2 33. d7 Kh7 34. Rxa7 Kg6 35. h3 Kf6 36. Kf3 1/2-1/2

[Event "Keres mem (29th)"]
[Site "Vancouver CAN"]
[Date "2004.05.22"]
[Round "3.11"]
[White "Tegzes, Laszlo"]
[Black "Steininger, Gavin"]
[Result "0-1"]
[WhiteElo "2203"]
[BlackElo "1951"]
[PlyCount "78"]
[GameId "2160767911145791"]
[EventDate "2004.05.21"]
[EventType "swiss"]
[EventRounds "7"]
[EventCountry "CAN"]
[SourceTitle "LesEchecs.com"]
[Source "LesEchecs.com"]
[SourceDate "2003.03.18"]
[SourceVersion "1"]
[SourceVersionDate "2003.01.01"]
[SourceQuality "1"]

1. e4 Nf6 2. Nc3 d5 3. exd5 Nxd5 4. Nxd5 Qxd5 5. d4 Nc6 6. Nf3 Bf5 7. Be3 e6 8. c3 O-O-O 9. Qa4 a6 10. b4 f6 11. Be2 g5 12. O-O h5 13. c4 Qe4 14. b5 Nb8 15. bxa6 Nxa6 16. Ne1 Qc6 17. Qxc6 bxc6 18. Bf3 c5 19. Rd1 cxd4 20. Bxd4 e5 21. Bc3 Rxd1 22. Bxd1 Bb4 23. Bxb4 Nxb4 24. Bb3 Rd8 25. a3 Nc6 26. f3 Na5 27. Ba4 Nxc4 28. Nc2 Bxc2 29. Bxc2 Nxa3 30. Bf5+ Kb7 31. Rc1 Rd6 32. h4 gxh4 33. Bg6 Nb5 34. Bxh5 Nd4 35. Kh2 Ne2 36. Rb1+ Rb6 37. Re1 Nf4 38. Bf7 Rb2 39. Rg1 h3 0-1

[Event "Keres mem (29th)"]
[Site "Vancouver CAN"]
[Date "2004.05.22"]
[Round "3.12"]
[White "Daroza, Eduardo"]
[Black "Neufahrt, Gerhard"]
[Result "1/2-1/2"]
[WhiteElo "2137"]
[BlackElo "2052"]
[PlyCount "68"]
[GameId "2160767911145792"]
[EventDate "2004.05.21"]
[EventType "swiss"]
[EventRounds "7"]
[EventCountry "CAN"]
[SourceTitle "LesEchecs.com"]
[Source "LesEchecs.com"]
[SourceDate "2003.03.18"]
[SourceVersion "1"]
[SourceVersionDate "2003.01.01"]
[SourceQuality "1"]

1. Nf3 g6 2. c4 c6 3. Nc3 d5 4. e3 Bg7 5. d4 Nf6 6. Bd3 dxc4 7. Bxc4 Nbd7 8. O-O Nb6 9. Bb3 Bf5 10. Ne5 O-O 11. f3 Nfd7 12. Nxf7 Rxf7 13. e4 Nf8 14. Bxf7+ Kxf7 15. exf5 Bxd4+ 16. Kh1 gxf5 17. Qd3 Bxc3 18. Qxc3 Nd5 19. Qe5 Qd7 20. Bh6 Nf6 21. Bxf8 Rxf8 22. Rad1 Nd5 23. f4 Rg8 24. Rfe1 e6 25. Re3 Qe7 26. Rg3 Rg6 27. Qh8 Rxg3 28. hxg3 Nf6 29. Rd8 Qb4 30. Kh2 Kg6 31. Rf8 Ng4+ 32. Kh3 Nf2+ 33. Kh2 Ng4+ 34. Kh3 Nf2+ 1/2-1/2

[Event "Keres mem (29th)"]
[Site "Vancouver CAN"]
[Date "2004.05.22"]
[Round "3.13"]
[White "Schuetzhold, Ralf"]
[Black "Goutor, Valentina"]
[Result "1-0"]
[WhiteElo "2051"]
[BlackElo "1899"]
[PlyCount "103"]
[GameId "2160767911145793"]
[EventDate "2004.05.21"]
[EventType "swiss"]
[EventRounds "7"]
[EventCountry "CAN"]
[SourceTitle "LesEchecs.com"]
[Source "LesEchecs.com"]
[SourceDate "2003.03.18"]
[SourceVersion "1"]
[SourceVersionDate "2003.01.01"]
[SourceQuality "1"]

1. e4 c5 2. c3 d5 3. exd5 Qxd5 4. d4 g6 5. Nf3 Bg7 6. Be3 cxd4 7. cxd4 Nh6 8. Nc3 Qa5 9. Bc4 O-O 10. O-O Nf5 11. Qb3 Nc6 12. d5 Ne5 13. Nxe5 Bxe5 14. Rad1 Nd6 15. Be2 Bf5 16. Bd4 Bg7 17. Bxg7 Kxg7 18. Rd4 a6 19. g4 Bd7 20. h4 Qc7 21. Ne4 e5 22. dxe6 Bxe6 23. Qc3 Qxc3 24. Nxc3 Nc8 25. Rfd1 Ne7 26. Bf3 Rab8 27. a3 Rfc8 28. R1d2 Nc6 29. Bxc6 Rxc6 30. Kg2 Rbc8 31. g5 Rc4 32. Kg3 h6 33. f3 R8c5 34. Rxc4 Bxc4 35. Ne4 Rd5 36. Rxd5 Bxd5 37. Nf6 Bc6 38. Kf4 hxg5+ 39. hxg5 Kf8 40. Ne4 Ke7 41. Ke5 Ba4 42. f4 Bc6 43. Nd6 Bg2 44. f5 gxf5 45. Nxf5+ Kf8 46. Kf6 Be4 47. Nd6 Bd5 48. b4 b5 49. Nc8 Ke8 50. Ke5 Be6 51. Nd6+ Kf8 52. g6 1-0

[Event "Keres mem (29th)"]
[Site "Vancouver CAN"]
[Date "2004.05.22"]
[Round "3.14"]
[White "Ryan, Mark"]
[Black "Mandic, Slaven"]
[Result "1/2-1/2"]
[WhiteElo "1968"]
[BlackElo "1970"]
[PlyCount "82"]
[GameId "2160767911145794"]
[EventDate "2004.05.21"]
[EventType "swiss"]
[EventRounds "7"]
[EventCountry "CAN"]
[SourceTitle "LesEchecs.com"]
[Source "LesEchecs.com"]
[SourceDate "2003.03.18"]
[SourceVersion "1"]
[SourceVersionDate "2003.01.01"]
[SourceQuality "1"]

1. e4 g6 2. d4 Bg7 3. Nc3 d6 4. Be3 a6 5. Qd2 b5 6. Nf3 Bb7 7. a3 Nd7 8. b4 Ngf6 9. Bd3 Ng4 10. Bf4 e5 11. dxe5 Ngxe5 12. Nxe5 Nxe5 13. O-O h6 14. Rac1 Qd7 15. Ne2 Qg4 16. f3 Qd7 17. Be3 Rc8 18. c4 Nxd3 19. Qxd3 bxc4 20. Rxc4 O-O 21. Rfc1 a5 22. R4c2 axb4 23. axb4 Kh7 24. Nf4 c6 25. Rd1 Be5 26. g3 Ra8 27. Qd2 Ba6 28. Nd3 Bxd3 29. Qxd3 Ra1 30. Rxa1 Bxa1 31. Rd2 Rb8 32. Ra2 Bg7 33. Ra7 Qe6 34. Ra4 d5 35. exd5 Qxd5 36. Qxd5 cxd5 37. Bc5 Kg8 38. Ra3 Bf8 39. Rd3 Bxc5+ 40. bxc5 Rd8 41. Kf2 d4 1/2-1/2

[Event "Keres mem (29th)"]
[Site "Vancouver CAN"]
[Date "2004.05.22"]
[Round "3.15"]
[White "Angelvette, Duane"]
[Black "Schemm, Michael"]
[Result "1-0"]
[WhiteElo "1686"]
[BlackElo "2077"]
[PlyCount "75"]
[GameId "2160767911145795"]
[EventDate "2004.05.21"]
[EventType "swiss"]
[EventRounds "7"]
[EventCountry "CAN"]
[SourceTitle "LesEchecs.com"]
[Source "LesEchecs.com"]
[SourceDate "2003.03.18"]
[SourceVersion "1"]
[SourceVersionDate "2003.01.01"]
[SourceQuality "1"]

1. e4 Nc6 2. Nc3 e5 3. Bc4 Nf6 4. d3 Be7 5. f4 d6 6. f5 Na5 7. Bb3 Nxb3 8. axb3 g6 9. Nf3 gxf5 10. exf5 Bxf5 11. O-O Bg6 12. Qe1 O-O 13. Bg5 c6 14. Qh4 Nd5 15. Ne4 f6 16. Bh6 Rf7 17. Rae1 Qb6+ 18. Kh1 Nb4 19. Qg3 Bf8 20. Be3 Qd8 21. Re2 Nd5 22. Bd2 Bg7 23. Nh4 Ne7 24. Ref2 Bxe4 25. dxe4 Kh8 26. Nf5 Nxf5 27. Rxf5 Rf8 28. Qh4 Qe7 29. Rh5 Rf7 30. Rxh7+ Kg8 31. Rf3 Qe6 32. Rh3 Kf8 33. Rh8+ Bxh8 34. Qxh8+ Ke7 35. Qxa8 Qd7 36. Rh8 a6 37. Ba5 d5 38. Bb4+ 1-0

[Event "Keres mem (29th)"]
[Site "Vancouver CAN"]
[Date "2004.05.23"]
[Round "4.1"]
[White "Orlov, Georgi"]
[Black "Yoos, John"]
[Result "1/2-1/2"]
[WhiteElo "2605"]
[BlackElo "2442"]
[PlyCount "36"]
[GameId "2160767911145796"]
[EventDate "2004.05.21"]
[EventType "swiss"]
[EventRounds "7"]
[EventCountry "CAN"]
[SourceTitle "LesEchecs.com"]
[Source "LesEchecs.com"]
[SourceDate "2003.03.18"]
[SourceVersion "1"]
[SourceVersionDate "2003.01.01"]
[SourceQuality "1"]

1. Nf3 d6 2. c4 g6 3. g3 Bg7 4. Bg2 e5 5. Nc3 Nc6 6. O-O h6 7. d3 Be6 8. Qa4 Nge7 9. Nd2 O-O 10. Nd5 Nd4 11. Re1 Nc8 12. e3 Nf5 13. Qb3 Rb8 14. Nc3 Nb6 15. a4 Nd7 16. a5 Ne7 17. Qc2 c6 18. b4 d5 1/2-1/2

[Event "Keres mem (29th)"]
[Site "Vancouver CAN"]
[Date "2004.05.23"]
[Round "4.2"]
[White "Arapovic, Vitomir"]
[Black "Harper, Bruce"]
[Result "1/2-1/2"]
[WhiteElo "2322"]
[BlackElo "2337"]
[PlyCount "133"]
[GameId "2160767911145797"]
[EventDate "2004.05.21"]
[EventType "swiss"]
[EventRounds "7"]
[EventCountry "CAN"]
[SourceTitle "LesEchecs.com"]
[Source "LesEchecs.com"]
[SourceDate "2003.03.18"]
[SourceVersion "1"]
[SourceVersionDate "2003.01.01"]
[SourceQuality "1"]

1. e4 g6 2. d4 d6 3. Nc3 Bg7 4. Be3 a6 5. Qd2 b5 6. O-O-O Bb7 7. f3 Nd7 8. Kb1 Rc8 9. h4 h6 10. Nh3 c5 11. dxc5 Nxc5 12. Bd4 Bxd4 13. Qxd4 Nf6 14. g4 Ne6 15. Qe3 Qc7 16. Bd3 Qc5 17. Qd2 Qb6 18. g5 hxg5 19. hxg5 Nd7 20. f4 Nec5 21. Nf2 Rf8 22. Nd5 Bxd5 23. exd5 Nxd3 24. Nxd3 Qd4 25. Qe2 Qxd5 26. Rhe1 e6 27. Nb4 Qc4 28. Nxa6 Qxe2 29. Rxe2 Ke7 30. Nb4 Nb6 31. b3 Rh8 32. Nd5+ Nxd5 33. Rxd5 Rc5 34. Rxc5 dxc5 35. Re4 b4 36. a4 bxa3 37. Ka2 Rh2 38. Rc4 Kd6 39. Kxa3 Re2 40. Ka4 Rd2 41. Kb5 Rd5 42. Re4 Rd2 43. Rc4 Rd5 44. Ra4 Rf5 45. Re4 f6 46. gxf6 Rxf6 47. b4 Rf5 48. c4 cxb4+ 49. Kxb4 g5 50. fxg5 Rxg5 51. Re1 e5 52. Kb5 e4+ 53. Kb6 Ke5 54. c5 Kf4 55. c6 e3 56. c7 Rg8 57. Rf1+ Ke4 58. Re1 Kf3 59. Rf1+ Kg2 60. Rf7 e2 61. Re7 Kf2 62. Rf7+ Kg2 63. Re7 Kf2 64. Rxe2+ Kxe2 65. Kb7 Rg7 66. Kb8 Rxc7 67. Kxc7 1/2-1/2

[Event "Keres mem (29th)"]
[Site "Vancouver CAN"]
[Date "2004.05.23"]
[Round "4.3"]
[White "Oszvald, Joseph"]
[Black "Gansvind, Valeriya"]
[Result "1-0"]
[WhiteElo "2113"]
[BlackElo "2311"]
[PlyCount "88"]
[GameId "2160767911145798"]
[EventDate "2004.05.21"]
[EventType "swiss"]
[EventRounds "7"]
[EventCountry "CAN"]
[SourceTitle "LesEchecs.com"]
[Source "LesEchecs.com"]
[SourceDate "2003.03.18"]
[SourceVersion "1"]
[SourceVersionDate "2003.01.01"]
[SourceQuality "1"]

1. c4 e5 2. Nc3 Nc6 3. g3 d6 4. Bg2 g6 5. e3 Bg7 6. Nge2 Be6 7. b3 Qd7 8. d4 Bh3 9. O-O Bxg2 10. Kxg2 h5 11. h3 h4 12. g4 f5 13. f3 O-O-O 14. d5 Nce7 15. e4 Nf6 16. Ng1 Rdf8 17. Be3 b6 18. b4 fxg4 19. hxg4 Nh7 20. Nh3 Rf7 21. a4 Rhf8 22. Kh2 Kd8 23. a5 Nc8 24. c5 Bf6 25. c6 Qe8 26. axb6 cxb6 27. Nb5 Rc7 28. Nxa7 Nxa7 29. Bxb6 Nc8 30. Ra8 Bg5 31. Qa4 Ke7 32. Bxc7 Qf7 33. Qa6 Qg8 34. b5 Be3 35. Qb7 Kf6 36. Ba5 Ng5 37. Qd7 Nxh3 38. Kxh3 Qh8 39. b6 Kg5 40. b7 Qf6 41. bxc8=Q Qf4 42. Qe7+ Rf6 43. Qxf6+ Kxf6 44. Qf8+ Kg5 1-0

[Event "Keres mem (29th)"]
[Site "Vancouver CAN"]
[Date "2004.05.23"]
[Round "4.4"]
[White "Ferguson, Jim"]
[Black "Adam, Valerian"]
[Result "1-0"]
[WhiteElo "2111"]
[BlackElo "2292"]
[PlyCount "127"]
[GameId "2160767911145799"]
[EventDate "2004.05.21"]
[EventType "swiss"]
[EventRounds "7"]
[EventCountry "CAN"]
[SourceTitle "LesEchecs.com"]
[Source "LesEchecs.com"]
[SourceDate "2003.03.18"]
[SourceVersion "1"]
[SourceVersionDate "2003.01.01"]
[SourceQuality "1"]

1. e4 e5 2. Nf3 d6 3. d4 Nd7 4. Bc4 c6 5. dxe5 dxe5 6. O-O Qc7 7. Nc3 b5 8. Bb3 Nc5 9. Be3 Nf6 10. Qe2 Bg4 11. h3 Bh5 12. Rad1 Be7 13. Bxc5 Bxc5 14. a4 b4 15. Qc4 Bd6 16. Rxd6 Qxd6 17. Rd1 Qe6 18. Qc5 Nd7 19. Qxb4 Qe7 20. Qb7 Rd8 21. g4 Bg6 22. Qxc6 O-O 23. Nd5 Qe8 24. Qd6 Nb6 25. Qxe5 Nxd5 26. Qxe8 Rfxe8 27. exd5 Be4 28. Ng5 Bg6 29. Kf1 h6 30. Nf3 Be4 31. Ne1 Re5 32. f3 Bg6 33. Ng2 f6 34. Re1 Bf7 35. Rxe5 fxe5 36. Ne3 g6 37. Ke2 Kf8 38. Kd3 Ke7 39. Ke4 Kf6 40. h4 g5 41. h5 Bg8 42. Nd1 Bh7+ 43. Ke3 Ke7 44. Nc3 Rf8 45. Nb5 Rf4 46. Nxa7 e4 47. fxe4 Rxe4+ 48. Kf3 Rf4+ 49. Kg3 Be4 50. Nc6+ Kd6 51. Nd4 Ke5 52. c3 Bxd5 53. Bxd5 Kxd5 54. b4 Rf6 55. b5 Kc4 56. a5 Kxc3 57. b6 Kxd4 58. b7 Rf8 59. a6 Ke3 60. a7 Ke2 61. b8=Q Rf3+ 62. Kh2 Rf2+ 63. Kh3 Rf3+ 64. Qg3 1-0

[Event "Keres mem (29th)"]
[Site "Vancouver CAN"]
[Date "2004.05.23"]
[Round "4.5"]
[White "Kyriakides, Savvas"]
[Black "North, Robert"]
[Result "1/2-1/2"]
[WhiteElo "1797"]
[BlackElo "2081"]
[PlyCount "58"]
[GameId "2160767911145800"]
[EventDate "2004.05.21"]
[EventType "swiss"]
[EventRounds "7"]
[EventCountry "CAN"]
[SourceTitle "LesEchecs.com"]
[Source "LesEchecs.com"]
[SourceDate "2003.03.18"]
[SourceVersion "1"]
[SourceVersionDate "2003.01.01"]
[SourceQuality "1"]

1. e4 c5 2. Nf3 d6 3. d4 cxd4 4. Nxd4 Nf6 5. Nc3 a6 6. g3 e6 7. Bg2 Be7 8. O-O O-O 9. Be3 Nc6 10. Qd2 Qc7 11. Rad1 Bd7 12. f4 Rad8 13. h3 b5 14. Qf2 b4 15. Nce2 Rc8 16. c3 g6 17. cxb4 Nxb4 18. Nc3 e5 19. Nf3 Nc6 20. Rd2 Qb8 21. Rfd1 Be6 22. Kh2 exf4 23. Bxf4 Ne5 24. Nxe5 dxe5 25. Be3 Nh5 26. Nd5 Bxd5 27. Rxd5 Nf6 28. R5d3 Rc6 29. Qe2 Rd8 1/2-1/2